000 00669nam a2200205Ia 4500
005 20260121110254.0
008 008 260114s9999 xx 000 0 hin d
020 _a9788132349754
037 _aEBOOK
040 _aCRL
_bhin
_cCRL
041 _ahin
_2hin
084 _qCRL
100 _aसेवाराम मौर्य / Sewaram Maurya
_9944150
245 0 _aभारत में मजदूरी कानून / Bharat mein Mazdoori Kanoon
260 _bभाषा प्रकाशन / Bhasha Prakashan
_c2020
856 _uhttps://bhashaprakashan.com/product-details/378227
942 _cEBOOK
999 _c1535814
_d1535814